LEADER 01267nam0-2200373---450- 001 990001008030203316 010 $a88-14-02447-2 035 $a0100803 035 $aUSA010100803 035 $a(ALEPH)000100803USA01 035 $a0100803 100 $a20020228d1990----km-y0ITAy01------ba 101 $aita 102 $aIT 105 $aa 00||| 200 1 $aDa cittadini a nobili$elotta politica e riforma delle istituzioni nella Toscana di Francesco Stefano$fMarcello Verga$gin appendice: le relazioni di Pompeo Neri sul codice (1747), la nobiltà (1748) e le magistrature fiorentine (1745-1763) 210 $aMilano$cGiuffrè$d1990 215 $a702 p., [4] c. di tav.$cill.$d24 cm 225 2 $aLa Leopoldina$v4 410 0$12001$aLa Leopoldina$v4 607 $aToscana $xOrdinamento$zSec. 18. 676 $a342.455 700 1$aVERGA,$bMarcello$0139831 801 0$aIT$bsalbc$gISBD 912 $a990001008030203316 951 $aIG XI 420$b79082 EC$cIG IX 959 $aBK 969 $aECO 979 $aPATTY$b90$c20020228$lUSA01$h1828 979 $aPATTY$b90$c20020228$lUSA01$h1830 979 $c20020403$lUSA01$h1742 979 $aPATRY$b90$c20040406$lUSA01$h1709 996 $aDa "cittadini" a "nobili"$9650182 997 $aUNISA LEADER 00820nam0-22003131i-450- 001 990001319970403321 010 $a0-89871-286-6 035 $a000131997 035 $aFED01000131997 035 $a(Aleph)000131997FED01 035 $a000131997 100 $a20000920d1991----km-y0itay50------ba 101 0 $aeng 200 1 $aNURBS for curve and surface design$fedited by Gerald Farin. 210 $aPhiladelphia$cSIAM$dc1991 215 $aix, 161 p.$cill.$d26 cm 610 0 $aSpline theory 610 0 $aCad 676 $a511.42 702 1$aFarin,$bGerald 801 0$aIT$bUNINA$gRICA$2UNIMARC 901 $aBK 912 $a990001319970403321 952 $a124-A-24$b10817$fMA1 959 $aMA1 962 $a65D17 996 $aNURBS for curve and surface design$9383078 997 $aUNINA DB $aING01 LEADER 00805nam0-22003011i-450- 001 990003128210403321 035 $a000312821 035 $aFED01000312821 035 $a(Aleph)000312821FED01 035 $a000312821 100 $a20000920d1957----km-y0itay50------ba 101 0 $aITA 102 $aIT 200 1 $a<>mercante di Prato$eFrancesco di Marco Datini$fdi Iris Origo. 210 $a[Milano]$cBompiani$d\[\\1957]. 215 $a415 p.$d24 cm 610 0 $aDatini, Francesco, 1335-1410 610 0 $aItalia$aCommercio$aStoria 676 $aE/2 702 1$aOrigo,$bIris 801 0$aIT$bUNINA$gRICA$2UNIMARC 901 $aBK 912 $a990003128210403321 952 $aE/2 ORI$b014526$fSES 959 $aSES 996 $aMercante di Prato$9456573 997 $aUNINA DB $aING01 LEADER 01821nam 2200433Ia 450 001 996395372103316 005 20210104171446.0 035 $a(CKB)3810000000017655 035 $a(EEBO)2240916874 035 $a(OCoLC)ocn751970542e 035 $a(OCoLC)751970542 035 $a(EXLCZ)993810000000017655 100 $a20110912d1564 uy 0 101 0 $aeng 135 $aurbn||||a|bb| 200 10$aBy the Quene$b[electronic resource] $eThe Quenes most excellent Maiestie, beyng infourmed, that there is presently growyng and encreasyng in certayne euyll disposed persons, in and near to the citye of London .. 210 $aImprinted at London $cin Powles Churcheyarde, by Rychard Jugge and John Cawood, Prynters to the Quenes Maiestie., [1564] 215 $a1 sheet ([1] p.) 300 $aTitle from caption and first lines of text. 300 $aDate of publication suggested by STC (2nd ed). 300 $a"Yeuen at Westminster the xxi day of March. 1564. The seuenth yere of her Maiesties reigne." 300 $a"Cum priuilegio Regiae Maiestatis." 300 $aHeading in black letter. 300 $aInitial. 300 $aReproduction of original in: Queen's College (University of Oxford). Library. 330 $aeebo-0119 606 $aCriminal justice, Administration of$zEngland$vEarly works to 1800 607 $aGreat Britain$xHistory$yElizabeth, 1558-1603$vSources$vEarly works to 1800 608 $aBroadsides$zEngland$y16th century.$2rbgenr 608 $aProclamations$zEngland$y16th century.$2rbgenr 615 0$aCriminal justice, Administration of 701 $aElizabeth$cQueen of England,$f1533-1603.$0996842 801 0$bUMI 801 1$bUMI 801 2$bUMI 906 $aBOOK 912 $a996395372103316 996 $aBy the Quene$92298600 997 $aUNISA